000 00348nab a22001097u 4500
008 130520b2008 xxu||||| |||| 00| 0 fre d
041 _afre
100 1 _aBrodeur, Raymond
_955194
245 0 0 _aÀ la recherche d'un modèle d'accompagnement
_cRaymond Brodeur
773 0 _tLumen Vitae
_gV.63, nº2,2008,págs. 125-127
_x0024-7324
_wRev262
942 _cAR
999 _c321792
_d321792